Translate these Countries from Japanese to English - Statistics

General Stats
  • This quiz has been taken 2,146 times
  • The average score is 13 of 20
Answer Stats
日本の Japanese English % Correct
日本 Nihon Japan
95%
フランス Furansu France
91%
中国 Chuugoku China
84%
ドイツ Doitsu Germany
81%
イギリス Igirisu United Kingdom
76%
オーストリア Oosutoria Austria
74%
リビア Ribia Libya
73%
ニュージーランド Nyuujiirando New Zealand
69%
ヨルダン Yorudan Jordan
67%
ベトナム Betonamu Vietnam
67%
韓国 Kankoku South Korea
65%
ラオス Raosu Laos
64%
アルゼンチン Aruzenchin Argentina
60%
ハイチ Haichi Haiti
55%
トルコ Toruko Turkey
53%
北朝鮮 Kitachousen North Korea
49%
モルディブ Morudibu Maldives
46%
マーシャル諸島 Maasharu Shotou Marshall Islands
42%
米国 Beikoku United States
41%
セントルシア Sentorushia St Lucia
21%
No matching quizzes found
Score Distribution
Percent of People with Each Score
Percentile by Number Answered
Your Score History
You have not taken this quiz